| 000 | 01680nam0a2200373 i 4500 | ||
|---|---|---|---|
| 001 | RU\NLR\BIBL_A\010858143 | ||
| 005 | 20260405111939.0 | ||
| 010 |
_a9785000868287 _9500 |
||
| 021 |
_aRU _b2015-68070 _94074 |
||
| 035 | _a(NILC)RuMoRGB-008011251 | ||
| 035 | _a(NLR Aleph) 010858143 | ||
| 090 |
_a10407565 _c10407565 |
||
| 100 | _a20151008d2015 k y0rusy50 ca | ||
| 101 | 0 | _arus | |
| 102 | _aRU | ||
| 105 | _aa|||z|||000yy | ||
| 200 | 1 |
_aИнтернатура в системе подготовки будущего педагога _eмонография _f[А.И. Савенков, И.В. Егоров, С.Н. Вачкова и др.] _gнауч. ред. проф. А.И. Савенков |
|
| 210 |
_aМосква _cПеро _d2015 |
||
| 215 |
_a122 с. _cил. _d21 |
||
| 300 | _aАвт. указаны на обороте тит. л. | ||
| 320 | _aБиблиогр.: с. 88-90 (42 назв.) и в тексте | ||
| 606 | 1 |
_aПоследипломное педагогическое образование _yРоссийская Федерация _92338961 _3RU\NLR\AUTH\661398210 |
|
| 610 | 0 | _aинтернатура | |
| 610 | 0 | _aпоследипломное образование учителя | |
| 675 | _a378 | ||
| 686 | 1 | _aЧ489.514(2Р)78 | |
| 701 | 1 |
_aСавенков _bА. И. _gАлександр Ильич |
|
| 701 | 1 |
_8rus _7ca _aЕгоров _bИ. В. _cпедагог _gИван Васильевич _3RU\NLR\AUTH\7742856 _925799 |
|
| 701 | 1 |
_aВачкова _bС. Н. _gСветлана Николаевна |
|
| 801 | 0 |
_aRU _bРГБ _c20150902 _gRCR |
|
| 942 | _cBOOK | ||
| 980 | _aNBR | ||